One-Syllable Movies Quiz Stats

 Plays Quiz Updated May 29, 2019

Score 0/20 Timer 03:00
6 Plays Today
Movie % Correct
Cars
99.5%
Shrek
99%
Grease
96%
Hulk
95.2%
Antz
94.9%
Scream
93.6%
Thor
90.8%
Babe
90%
It
89.8%
Ghost
85.9%
Movie % Correct
Speed
83.1%
Brave
83.1%
Big
80.6%
TRON
79.5%
Troy
70.8%
Clue
58%
Drive
56%
Holes
52.6%
Clerks
49.6%
Milk
48.3%

You're not logged in!

Compare scores with friends on all Sporcle quizzes.
OR
Log In

Sporcle TV

Today on Sporcle TV


Watch our educational content, quiz creation guides, and fun videos on Sporcle TV.

Show Comments

Extras

Top Quizzes Today


Score Distribution

Your Account Isn't Verified!

In order to create a playlist on Sporcle, you need to verify the email address you used during registration. Go to your Sporcle Settings to finish the process.

Report this User

Report this user for behavior that violates our Community Guidelines.

Details: